Jednotný trh ES a východní Evropa.

Zásadné spoločensko-ekonomické premeny v krajinách strednej a východnej Európy spadajú do obdobia budovania jednotného vnútorného trhu ES. Skúmanie prekážok vstupu bývalých socialistických krajín do ES a systémových zmien nevyhnutných pre vytvorenie predpokladov vstupu. Rozbor predpokladaných účinko...

Full description

Saved in:
Bibliographic Details
Main Author: Fojtík, F.
Format: Book Chapter
Language:Czech
Subjects:
Tags: Add Tag
No Tags, Be the first to tag this record!

MARC

LEADER 00000naa a2200000 4500
001 r002409
005 20220819180827.0
041 0 |a cze 
044 |a [CS] 
245 1 0 |a Jednotný trh ES a východní Evropa.  |c F. Fojtík 
520 |a Zásadné spoločensko-ekonomické premeny v krajinách strednej a východnej Európy spadajú do obdobia budovania jednotného vnútorného trhu ES. Skúmanie prekážok vstupu bývalých socialistických krajín do ES a systémových zmien nevyhnutných pre vytvorenie predpokladov vstupu. Rozbor predpokladaných účinkov jednotného trhu na samotné ES a na reformné ekonomiky. 
610 2 0 |a trh svetový 
610 2 0 |a západná Európa 
610 2 0 |a východná Európa 
610 2 0 |a Európske spoločenstvá 
610 2 0 |a reformy hospodárske 
610 2 0 |a vzťahy hospodárske medzinárodné 
100 1 |a Fojtík, F.